[Event "Steinfurt Bezirksklasse 0304"]
[Site "Germany"]
[Date "2004.03.20"]
[Round "8.7"]
[White "Altenaehr, Johannes"]
[Black "Hengstmann, Marius"]
[Result "1/2-1/2"]
[WhiteElo "1338"]
[BlackElo "1118"]
[PlyCount "38"]
[EventDate "2003.09.27"]
[EventType "team-tourn"]
[EventRounds "11"]
[EventCountry "GER"]
[SourceTitle "EXT 2005"]
[Source "ChessBase"]
[SourceDate "2004.11.15"]
[SourceVersion "1"]
[SourceVersionDate "2004.11.15"]
[SourceQuality "1"]
[WhiteTeam "Rheine CC"]
[BlackTeam "Nordwalde III"]
[WhiteTeamCountry "GER"]
[BlackTeamCountry "GER"]

1. d4 d5 2. c4 e6 3. g3 Ne7 4. Bg2 g6 5. Nc3 Bg7 6. Bf4 0-0 7. Nf3 a6 8. Qb3 Nbc6 9. cxd5 exd5 10. e3 Be6 11. Qxb7 Ra7 12. Qb3 Qd7 13. Ne5 Nxe5 14. Bxe5 f6 15. Bf4 g5 16. Bxc7 Rxc7 17. h4 Rb7 18. Qc2 Bf5 19. Qe2 Rfb8 1/2-1/2

[Event "Steinfurt Bezirksklasse 0304"]
[Site "Germany"]
[Date "2003.10.11"]
[Round "2.4"]
[White "Bloem, Markus"]
[Black "Hengstmann, Marius"]
[Result "1-0"]
[WhiteElo "1364"]
[BlackElo "1118"]
[PlyCount "49"]
[EventDate "2003.09.27"]
[EventType "team-tourn"]
[EventRounds "11"]
[EventCountry "GER"]
[SourceTitle "EXT 2005"]
[Source "ChessBase"]
[SourceDate "2004.11.15"]
[SourceVersion "1"]
[SourceVersionDate "2004.11.15"]
[SourceQuality "1"]
[WhiteTeam "Ibbenbueren III"]
[BlackTeam "Nordwalde III"]
[WhiteTeamCountry "GER"]
[BlackTeamCountry "GER"]

1. d4 d5 2. Nf3 e6 3. Bf4 c5 4. e3 Nc6 5. c3 Nf6 6. Bd3 Be7 7. Nbd2 0-0 8. 0-0 Qb6 9. Qb1 h6 10. Re1 Rd8 11. Ne5 Nxe5 12. Bxe5 g6 13. Bxg6 Kg7 14. Bh5 Rg8 15. e4 Kh8 16. Re3 Rg7 17. Rf3 Nxh5 18. Bxg7+ Kxg7 19. Rh3 Nf6 20. e5 Nd7 21. Qc1 cxd4 22. Nc4 dxc4 23. Qxh6+ Kg8 24. Rg3+ Bg5 25. Rxg5# 1-0

[Event "Steinfurt Kreisklasse 0203"]
[Site "Germany"]
[Date "2003.02.08"]
[Round "6.2"]
[White "Hengstmann, Marius"]
[Black "Terhorst, Timo"]
[Result "0-1"]
[WhiteElo "1046"]
[BlackElo "1348"]
[PlyCount "44"]
[EventDate "2002.09.21"]
[EventType "team-tourn"]
[EventRounds "10"]
[EventCountry "GER"]
[SourceTitle "EXT 2005"]
[Source "ChessBase"]
[SourceDate "2004.11.15"]
[SourceVersion "1"]
[SourceVersionDate "2004.11.15"]
[SourceQuality "1"]
[WhiteTeam "Nordwalde IV"]
[BlackTeam "Rheine SG II"]
[WhiteTeamCountry "GER"]
[BlackTeamCountry "GER"]

1. Nf3 d5 2. g3 c5 3. Bg2 Bf5 4. 0-0 Nf6 5. d3 Nc6 6. Re1 Qd7 7. Nc3 Bh3 8. d4 Bxg2 9. Kxg2 cxd4 10. Nxd4 e5 11. Nxc6 bxc6 12. b3 Bb4 13. Bb2 d4 14. Qd2 dxc3 15. Bxc3 Qxd2 16. Bxd2 Bxd2 17. Red1 Bc3 18. Rab1 0-0 19. Rd6 Rac8 20. a4 Rfd8 21. Rxd8+ Rxd8 22. e3 Rd2 0-1

[Event "Steinfurt Kreisklasse 0203"]
[Site "Germany"]
[Date "2003.01.11"]
[Round "5.2"]
[White "Hengstmann, Marius"]
[Black "Erber, Georg"]
[Result "1-0"]
[WhiteElo "1046"]
[BlackElo "1241"]
[PlyCount "67"]
[EventDate "2002.09.21"]
[EventType "team-tourn"]
[EventRounds "10"]
[EventCountry "GER"]
[SourceTitle "EXT 2005"]
[Source "ChessBase"]
[SourceDate "2004.11.15"]
[SourceVersion "1"]
[SourceVersionDate "2004.11.15"]
[SourceQuality "1"]
[WhiteTeam "Nordwalde IV"]
[BlackTeam "Saerbeck Falke IV"]
[WhiteTeamCountry "GER"]
[BlackTeamCountry "GER"]

1. Nf3 c5 2. g3 Nc6 3. Bg2 b6 4. 0-0 Bb7 5. d4 e6 6. Be3 c4 7. Nbd2 b5 8. b3 c3 9. Ne4 b4 10. Bf4 d6 11. d5 Nce7 12. Nxd6+ Kd7 13. Nxb7 Qb6 14. dxe6+ Kxe6 15. Qd6+ Qxd6 16. Bxd6 Nf5 17. Bxf8 Rxf8 18. Rad1 Nge7 19. Nd4+ Kf6 20. Nxf5 Nxf5 21. Rd3 Re8 22. e4 Nh6 23. Rfd1 g6 24. Rd8 Ng4 25. Rxe8 Rxe8 26. Nd8 Re7 27. Nc6 Rc7 28. Rd4 a5 29. Nxa5 Ra7 30. Rd5 Ne5 31. f4 Nc6 32. Nxc6 Rxa2 33. Nxb4 Ra1+ 34. Kf2 1-0